00760nam a22002057a 450000500170000001000150001702000260003203500140005803700090007208200100008110000250009124500590011625000060017526000420018127001140022330000200033794200240035799900190038195201540040020240925145256.0 aENG-141770 a9789356842557c250.00 aEN-125302 bDBAD a158.1 aSharma, Vinod971951 aMerit Made Easy:bWith Brain Science/cBy Vinod Sharma a1 aNew DelhibDiamond Pocket Booksc2024 aX- 30, Okhla Industrial Area, Phase-IIbNew Delhie110020mwecare@diamondbooks.ink011-40712100k011-41611861 a218p.c22cm(pb) 2ddccENh158.1mSHA c205882d205882 001040708NFICaVPbVPd2024-09-25eDelivery of Books Act Divisiong250.00l0o158.1 SHApEN-125302r2024-09-25 00:00:00t1v250.00w2024-09-25yEN